U.S. State Capitals that are NOT the Most Populous City - Statistics

General Stats
  • This quiz has been taken 363 times
  • The average score is 29 of 33
Answer Stats
State State
Ranking
Capital % Correct
California 6th Sacramento
98%
New York 6th Albany
95%
Texas 4th Austin
95%
Florida 8th Tallahassee
95%
Alaska 2nd Juneau
94%
Louisiana 2nd Baton Rouge
93%
Illinois 6th Springfield
92%
Nevada 10th Carson City
90%
Connecticut 4th Hartford
90%
Minnesota 2nd Saint Paul
90%
Alabama 2nd Montgomery
88%
New Mexico 4th Santa Fe
88%
Delaware 2nd Dover
87%
North Carolina 2nd Raleigh
87%
Kansas 5th Topeka
87%
Maryland 7th Annapolis
86%
Maine 10th Augusta
86%
Virginia 4th Richmond
86%
Oregon 2nd Salem
86%
New Jersey 10th Trenton
86%
Montana 6th Helena
85%
Michigan 6th Lansing
85%
Nebraska 2nd Lincoln
85%
South Dakota 8th Pierre
85%
Kentucky 15th Frankfort
84%
Pennsylvania 9th Harrisburg
84%
Washington 23rd Olympia
84%
Wisconsin 2nd Madison
83%
North Dakota 2nd Bismarck
82%
South Carolina 2nd Columbia
80%
Missouri 15th Jefferson City
80%
Vermont 16th Montpelier
80%
New Hampshire 3rd Concord
76%
No matching quizzes found
Score Distribution
Percent of People with Each Score
Percentile by Number Answered
Your Score History
You have not taken this quiz